Application du sulfure de carbone au traitement des vignes phyllosérées (Record no. 158773)

MARC details
000 -LEADER
campo de control de longitud fija 00911nam a22001935i 4500
001 - NÚMERO DE CONTROL
campo de control 158773
003 - IDENTIFICADOR DE NÚMERO DE CONTROL
campo de control ES-MaACL
005 - FECHA Y HORA DE LA ÚLTIMA TRANSACCIÓN
campo de control 20230906211317.0
008 - DATOS DE LONGITUD FIJA--INFORMACIÓN GENERAL
campo de control de longitud fija 040906s1882 fr a |||| | fre d
040 ## - FUENTE DE CATALOGACIÓN
Centro catalogador/agencia de origen CAM
Lengua de catalogación spa
Centro/agencia transcriptor CAM
100 1# - ENTRADA PRINCIPAL--NOMBRE DE PERSONA
Nombre de persona Marion, Antoine-Fortune.
9 (RLIN) 129505
245 10 - MENCIÓN DEL TÍTULO
Título Application du sulfure de carbone au traitement des vignes phyllosérées
Resto del título : 5e et 6e annés : rapport sur les travaux des années 1880 et 1881 et sur les résultats obtenus en grande culture /
Mención de responsabilidad, etc. par A.-F. Marion.
260 ## - PUBLICACIÓN, DISTRIBUCIÓN, ETC.
Lugar de publicación, distribución, etc. Paris :
Nombre del editor, distribuidor, etc. Société d'imprimerie adminsitrative et des chemins de fer, Paul Dupont,
Fecha de publicación, distribución, etc. 1882.
300 ## - DESCRIPCIÓN FÍSICA
Extensión 40 p., [2] h. de lám. col. ;
Dimensiones 27 cm.
594 ## - Nota al título y mención de responsabilidad
Nota al título y mención de responsabilidad Precede al tit.: Compagnie des Chemins de Fer de Paris a Lyon et a la Méditerranée.
650 #4 - PUNTO DE ACCESO ADICIONAL DE MATERIA--TÉRMINO DE MATERIA
Término de materia o nombre geográfico como elemento de entrada Viticultura.
9 (RLIN) 136993
650 #4 - PUNTO DE ACCESO ADICIONAL DE MATERIA--TÉRMINO DE MATERIA
Término de materia o nombre geográfico como elemento de entrada Filoxera.
9 (RLIN) 136118
852 ## - LOCALIZACIÓN
Ubicación ES-MaACL
Número de control de estantería T-664-F-5
Nota libre -- Enc. hol. conservando la cub. original
condición física --
Holdings
Estatus retirado Estado de pérdida Estado de daño No para préstamo Colección Biblioteca de origen Biblioteca actual Ubicación en estantería Fecha de adquisición Total de préstamos Signatura topográfica completa Código de barras Visto por última vez Precio de reemplazo Tipo de ítem Koha
        Colección de folletos Biblioteca del Ateneo de Madrid Biblioteca del Ateneo de Madrid Depósito folletos 17/01/2008   T-664-F-5 1166185 23/02/2023 23/02/2023 Folleto